000 00383nam a22001457a 4500
020 _a0-309-02308-4
082 _a388.322
_bNAT
_cD
100 _aNational research council
_926742
245 _aBus use of highways
260 _aWashington
_bThe world bank
300 _a161 P .:
_bill
_c24 cm.
526 _a0
_b0
_c0
_d388_322000000000000_NAT
650 _aMCE
_9379
942 _2ddc
_cBK
999 _c543334
_d543334